Cities in Japan - With Pictures - Statistics

General Stats
  • This quiz has been taken 41 times
  • The average score is 8 of 9
Answer Stats
Picture Answer % Correct
Tokyo
100%
Osaka
95%
Hiroshima
92%
Kyoto
92%
Sapporo
90%
Kobe
85%
Yokohama
82%
Nagoya
79%
Fukuoka
72%
No matching quizzes found
Score Distribution
Percent of People with Each Score
Percentile by Number Answered
Your Score History
You have not taken this quiz